[Event "EU-chT (Women)"]
[Site "Debrecen"]
[Date "1992.??.??"]
[Round "2"]
[White "Brustman, Agnieszka"]
[Black "Sheremetieva, Marina"]
[Result "1/2-1/2"]
[WhiteElo "2290"]
[BlackElo "2255"]

1.e4 d6 2.d4 Nf6 3.Nc3 e5 4.Nf3 Nbd7 5.Bc4 Be7 6.O-O O-O 7.Qe2 c6 8.a4 exd4
9.Nxd4 Re8 10.Ba2 Bf8 11.Qf3 g6 12.Bg5 Bg7 13.Qf4 Qe7 14.Rad1 Qe5 15.Nf3 Qxf4
16.Bxf4 Nc5 17.Ng5 d5 18.exd5 h6 19.Bd6 Nxa4 20.dxc6 hxg5 21.cxb7 Bxb7 22.Nxa4 Bc6
23.Nc5 Re2 24.Bb3 Nh5 25.Nd3 a5 26.Rfe1 Rae8 27.Rxe2 Rxe2 28.Kf1 Re4 29.f3 Rd4
30.Bc5 Rd7 31.Ra1 Nf4 32.Nxf4 gxf4 33.Rxa5 Bxb2 34.Ra7 Rxa7 35.Bxa7 Bc3 36.Bc4 Ba4
37.Bd3 f5 38.Bb8 Bd2 39.Ke2 Bc1 40.c4 Kf7 41.c5 Kf6 42.Bc4 Bc6 43.Bc7 g5
44.Bd8+ Kg6 45.Bd3 Be3 46.Be7 Bg1 47.h3 Bd4 48.Kd2 Bd7 49.Be2 Kh5 50.Bc4 Kh4
51.Bd5 Bb5 52.Be6 Kg3 53.Bxf5 Kxg2 54.Be4 Kxh3 55.Bxg5 Bxc5 56.Bxf4 Bb4+
57.Kd1 Kg2 58.Bd2 Bd6 59.f4+ Kg3 60.f5 Be5  1/2-1/2

[Event "EU-chT (Women)"]
[Site "Debrecen"]
[Date "1992.??.??"]
[Round "3"]
[White "Zayac, Elena"]
[Black "Hoiberg, Nina"]
[Result "1/2-1/2"]
[WhiteElo "2350"]
[BlackElo "2220"]

1.d4 d6 2.e4 Nf6 3.Nc3 e5 4.dxe5 dxe5 5.Qxd8+ Kxd8 6.Bc4 Bb4 7.Ne2 Ke7 8.a3 Ba5
9.b4 Bb6 10.Nd5+ Nxd5 11.exd5 c6 12.Bb2 f6 13.f4 exf4 14.Nxf4 Be3 15.Rf1 Re8
16.Ke2 Kd6 17.Kf3 Bxf4 18.Kxf4 cxd5 19.Bd3 Nc6 20.Kg3 h6 21.Rfd1 Ne5 22.c4 Nxd3
23.Rxd3 Be6 24.cxd5 Bf5 25.Rd2 Re3+ 26.Kf2 Rd3 27.Rxd3 Bxd3 28.Rd1 Be4 29.Bc1 Bxd5
30.Bf4+ Ke6 31.g4 Rc8 32.Re1+ Kf7 33.Rc1 Rxc1 34.Bxc1 Bc6 35.Be3 a6 36.h4 Ke6
37.h5 f5 38.Kg3 fxg4 39.Kxg4 Be8 40.Bd4 g6 41.hxg6 Bxg6 42.a4 Kd5 43.Bf2 Kc4
44.Be1 b5  1/2-1/2

[Event "EU-chT (Men)"]
[Site "Debrecen"]
[Date "1992.??.??"]
[Round "3"]
[White "Kiik, Kalle"]
[Black "Sokolovs, Andrei"]
[Result "1/2-1/2"]
[WhiteElo "2395"]
[BlackElo "2565"]

1.e4 d6 2.d4 Nf6 3.Nc3 e5 4.Nf3 Nbd7 5.Bc4 Be7 6.O-O O-O 7.Re1 c6 8.a4 b6
9.Ba2 Bb7 10.h3 a6 11.Bg5 b5 12.Bxf6 Bxf6 13.d5 Nb6 14.a5 Nc8 15.dxc6 Bxc6
16.Bd5 Qc7 17.Bxc6 Qxc6 18.Nd5 Bd8 19.Re3 Ne7 20.Rc3 Qb7 21.Rd3 Nxd5  1/2-1/2

[Event "EU-chT (Women)"]
[Site "Debrecen"]
[Date "1992.??.??"]
[Round "4"]
[White "Madl, Ildiko"]
[Black "Klinova, Masha"]
[Result "1-0"]
[WhiteElo "2410"]
[BlackElo "2205"]

1.e4 d6 2.d4 Nf6 3.Nc3 c6 4.f4 g6 5.Nf3 Bg7 6.Bd3 O-O 7.O-O Bg4 8.Be3 Qb6
9.Qd2 Bxf3 10.gxf3 Nfd7 11.Ne2 e6 12.c3 c5 13.e5 Qc7 14.Rad1 d5 15.dxc5 Nxc5
16.Bb1 a6 17.Kh1 Nbd7 18.Rg1 Rac8 19.Rg2 Rfe8 20.Rdg1 Nf8 21.Bd4 Qe7 22.Qe3 Rc6
23.Ng3 Bh6 24.Qf2 Ncd7 25.f5 Qh4 26.f6 Kh8 27.Qe2 Bf4 28.Re1 Nb6 29.Nf1 Nfd7
30.Rg4 Qh6 31.b3 Rec8 32.Qf2 Na8 33.Qb2 Nc7 34.a4 Ne8 35.Qa3 Nexf6 36.exf6 e5
37.Qe7 Nxf6 38.Rxe5 Kg8 39.Rxf4 Qxf4 40.Re3 h5 41.Be5 Qh4 42.Qxb7 Qh3 43.Bd3 Nd7
44.f4 Qe6 45.f5 gxf5 46.Bd4 Qd6 47.Rg3+ Kf8 48.Bg7+ Ke8 49.Bxf5 R8c7 50.Qa8+ Rc8
51.Qa7 f6 52.Qd4 R8c7 53.Bg6+ Kd8 54.Bxh5 Qe5 55.Bf3 Rxc3 56.Qxd5 Qxd5 57.Bxd5 Rc1
58.Bg2 R7c3 59.Rxc3 Rxc3 60.Bd5 Ke7 61.Ng3 Nc5 62.Nf5+ Kd7 63.Bxf6 Rd3 64.Nd4 Kd6
65.Bc4 Rd1+ 66.Kg2 Ne4 67.Nf5+ Kc6 68.Be5 a5 69.h4 Nd2 70.Bg8  1-0

[Event "EU-chT (Women)"]
[Site "Debrecen"]
[Date "1992.??.??"]
[Round "4"]
[White "Koskela, Niina"]
[Black "Fischdick, Gisela"]
[Result "1/2-1/2"]
[WhiteElo "2100"]
[BlackElo "2265"]

1.e4 d6 2.d4 Nf6 3.Nc3 c6 4.Nf3 Bg4 5.Be2 e6 6.Be3 Be7 7.h3 Bh5 8.e5 Nd5
9.Nxd5 cxd5 10.exd6 Bxd6 11.O-O Nc6 12.c3 O-O 13.Re1 a6 14.a4 Rc8 15.Nd2 Bxe2
16.Qxe2 Na5 17.Rec1 Qf6 18.g3 h6 19.Kg2 Qg6 20.Qf3 Rfd8 21.Bf4 Qf5 22.Bxd6 Qxf3+
23.Kxf3 Rxd6 24.Ke3 Kf8 25.Rc2 Rdc6 26.Kd3 Ke7 27.Re1 Nc4 28.Nxc4 Rxc4 29.b3 R4c6  1/2-1/2

[Event "EU-chT (Women)"]
[Site "Debrecen"]
[Date "1992.??.??"]
[Round "4"]
[White "Jackson, Sheila"]
[Black "Agababian, Naira"]
[Result "1/2-1/2"]
[WhiteElo "2215"]
[BlackElo "2125"]

1.e4 d6 2.d4 Nf6 3.Nc3 c6 4.Nf3 Bg4 5.Be2 e6 6.Be3 Be7 7.O-O d5 8.e5 Nfd7
9.Ne1 Bxe2 10.Nxe2 O-O 11.f4 c5 12.c3 g6 13.Nd3 c4 14.Nf2 Nc6 15.g4 Re8 16.g5 Bf8
17.Ng4 Ne7 18.Ng3 Nf5 19.Qe2 b5 20.a3 a5 21.Kh1 b4 22.axb4 axb4 23.Bd2 Qb6
24.Nxf5 exf5 25.Ne3 bxc3 26.Bxc3 Qb5 27.Qf3 Nb6 28.h4 Red8 29.Rxa8 Rxa8 30.h5 Ra7
31.hxg6 fxg6 32.Kg2 Ra4 33.Rh1 Qd7 34.Nc2 Qa7 35.Re1 Ra2 36.Ne3 Qa8 37.Re2 Qd8
38.Kg3 Ra4 39.Nc2 Na8 40.Rh2 Nc7 41.Qh1 Qd7  1/2-1/2

[Event "EU-chT (Women)"]
[Site "Debrecen"]
[Date "1992.??.??"]
[Round "5"]
[White "Hund, Barbara"]
[Black "Sheremetieva, Marina"]
[Result "1/2-1/2"]
[WhiteElo "2300"]
[BlackElo "2255"]

1.e4 d6 2.d4 Nf6 3.Nc3 c6 4.Nf3 g6 5.Be2 Bg7 6.h3 O-O 7.a4 Nbd7 8.O-O e5
9.Be3 Re8 10.dxe5 dxe5 11.Qd2 Qc7 12.Rfd1 Bf8 13.Bc4 Bb4 14.Ng5 Re7 15.Qd3 Ba5
16.Rd2 Bb6 17.Rad1 Nf8 18.Bxb6 axb6 19.Qd8 Kg7 20.Qxc7 Rxc7 21.f4 exf4 22.e5 Nh5
23.Rd8 h6 24.Nge4 Ra5 25.Nd6 Bd7 26.Nxf7 b5 27.axb5 cxb5 28.Bb3 Bc6 29.e6 Nf6
30.Ne2 f3 31.Nd4 fxg2 32.Nxc6 bxc6 33.Nd6 b4 34.Nc8 Re5 35.e7 N8d7 36.Kxg2 Nc5
37.Rf1 Ncd7 38.c3 bxc3 39.bxc3 Rb7 40.Ba4 Rb2+ 41.Kh1 Re3 42.Bxc6 Rxh3+ 43.Kg1 Rg3+  1/2-1/2

[Event "EU-chT (Men)"]
[Site "Debrecen"]
[Date "1992.??.??"]
[Round "6"]
[White "Dimitrov, Vladimir"]
[Black "Komliakov, Viktor"]
[Result "1-0"]
[WhiteElo "2405"]
[BlackElo "2415"]

1.e4 d6 2.d4 Nf6 3.Nc3 c6 4.f4 g6 5.Nf3 Bg7 6.Bd3 O-O 7.Be3 Qb6 8.Qc1 Na6
9.h3 c5 10.O-O cxd4 11.Bxd4 Qd8 12.Qe3 Nb4 13.Qf2 Nxd3 14.cxd3 b6 15.Qh4 e6
16.g4 Nd7 17.g5 e5 18.Be3 f5 19.gxf6 Nxf6 20.fxe5 dxe5 21.Nxe5 Bb7 22.Rad1 Nxe4
23.Rxf8+ Qxf8 24.dxe4 Bxe5 25.Rd7 h5 26.Qg5 Bc8 27.Qxe5 Bxd7 28.Qd5+ Kh7
29.Qxd7+ Qg7 30.Qxg7+ Kxg7 31.Bg5 Kf7 32.Kf2 a6 33.Ke3 b5 34.Kd4 h4 35.Kd5 Rh8
36.e5 Rc8 37.e6+ Kg7 38.Ne4  1-0

[Event "EU-chT (Men)"]
[Site "Debrecen"]
[Date "1992.??.??"]
[Round "7"]
[White "Brunner, Lucas"]
[Black "Rivas Pastor, Manuel"]
[Result "0-1"]
[WhiteElo "2500"]
[BlackElo "2520"]

1.e4 d6 2.d4 Nf6 3.Nc3 Nbd7 4.Nf3 e5 5.Bc4 Be7 6.O-O O-O 7.Re1 a6 8.a4 b6
9.d5 Kh8 10.Bf1 Ng8 11.a5 g6 12.axb6 Nxb6 13.Nd2 f5 14.exf5 gxf5 15.f4 Bf6
16.Nc4 Nxc4 17.Bxc4 exf4 18.Ne2 f3 19.gxf3 Bg7 20.Nf4 Qh4 21.Ra4 Be5 22.Bb3 Qh6
23.Re2 Bd7 24.Nd3 Qf6 25.Rc4 Bb5 26.Rxc7 Bxd3 27.Qxd3 Rae8 28.c3 Qh4 29.Bd2 Nf6
30.Qxf5 Bxh2+ 31.Kf1 Bg3 32.Rg2 Ne4 33.Rxh7+ Qxh7 34.Qxh7+ Kxh7 35.Bc2 Rxf3+
36.Ke2 Rf5 37.Kd1 Bf4 38.Rg4 Nf2+  0-1

[Event "EU-chT (Women)"]
[Site "Debrecen"]
[Date "1992.??.??"]
[Round "7"]
[White "Grabics, Monika"]
[Black "Sheremetieva, Marina"]
[Result "1-0"]
[WhiteElo "2145"]
[BlackElo "2255"]

1.e4 d6 2.d4 Nf6 3.Nc3 e5 4.Nf3 Nbd7 5.Bc4 Be7 6.O-O O-O 7.Re1 c6 8.a4 h6
9.h3 a5 10.Ba2 Qb6 11.Be3 exd4 12.Bxd4 Nc5 13.Nh4 Re8 14.Ng6 Bd8 15.e5 dxe5
16.Rxe5 Rxe5 17.Nxe5 Be6 18.Bxe6 fxe6 19.Qe2 Qb4 20.Qe3 Na6 21.Nd7 Kf7 22.Re1 Nc7
23.Nc5 Be7 24.Nxe6 Nxe6 25.Qxe6+ Kf8 26.b3 Rd8 27.Be5 Qc5 28.Ne4 Qd5 29.Qxd5 Rxd5
30.Nxf6 gxf6 31.Bf4 h5 32.Re2 Kf7 33.Rd2 Rf5 34.Bg3 Ke6 35.Re2+ Kd7 36.Rd2+ Ke6
37.Kf1 Bb4 38.Re2+ Kd7 39.Re3 b5 40.Rd3+ Ke6 41.Ke2 bxa4 42.bxa4 Rc5 43.Kd1 Rc4
44.Bc7 Re4 45.Re3 Rxe3 46.fxe3 Kd5 47.Ke2 Kc4 48.g4 hxg4 49.hxg4 Bc3 50.e4 c5
51.Bd6 Bd4 52.Bc7 Bc3 53.Ke3 Kb4 54.e5 fxe5 55.g5 e4 56.Kxe4 Kxa4 57.Be5 Bd2
58.Bf4 Bc3 59.g6 Bg7 60.Be5 Bh6 61.Kd5 Kb4 62.c4  1-0

[Event "EU-chT (Women)"]
[Site "Debrecen"]
[Date "1992.??.??"]
[Round "7"]
[White "Lalic, Susan"]
[Black "Klinova, Masha"]
[Result "1/2-1/2"]
[WhiteElo "2335"]
[BlackElo "2205"]

1.e4 d6 2.d4 Nf6 3.Nc3 c6 4.f4 Qa5 5.Bd3 e5 6.Nf3 Nbd7 7.O-O Be7 8.Kh1 O-O
9.Qe1 Qc7 10.Be3 b5 11.Ne2 a6 12.c3 c5 13.Ng3 exd4 14.cxd4 cxd4 15.Nxd4 Nc5
16.Bc2 Bb7 17.Rc1 Qd7 18.Bg1 Rfe8 19.b4 Ne6 20.Ndf5 Bf8 21.Qd2 g6 22.Ne3 Ng7
23.Qd4 Ngh5 24.Nxh5 Nxh5 25.f5 Bg7 26.f6 Bh6 27.Rce1  1/2-1/2

[Event "EU-chT (Men)"]
[Site "Debrecen"]
[Date "1992.??.??"]
[Round "8"]
[White "Mortensen, Erling"]
[Black "Titov, German"]
[Result "0-1"]
[WhiteElo "2430"]
[BlackElo "2490"]

1.e4 d6 2.d4 Nf6 3.Nc3 c6 4.f4 g6 5.Nf3 Bg7 6.Bd3 O-O 7.O-O Bg4 8.e5 Nd5
9.Nxd5 cxd5 10.h3 Bxf3 11.Qxf3 e6 12.c3 Nc6 13.Be3 f6 14.exf6 Qxf6 15.Rae1 Kh8
16.Bc1 Rae8 17.Rf2 Qf7 18.Bc2 e5 19.dxe5 dxe5 20.Bb3 Rd8 21.Rd2 e4 22.Qd1 Qxf4
23.Rxd5 Qg3 24.Rxd8 Rxd8 25.Qe2 Ne5 26.Kh1 Nd3 27.Rd1 Be5  0-1

[Event "EU-chT (Women)"]
[Site "Debrecen"]
[Date "1992.??.??"]
[Round "8"]
[White "Lalic, Susan"]
[Black "Lematschko, Tatjana"]
[Result "1/2-1/2"]
[WhiteElo "2335"]
[BlackElo "2305"]

1.e4 d6 2.d4 Nf6 3.Nc3 Nbd7 4.Nf3 e5 5.Bc4 Be7 6.O-O O-O 7.a4 c6 8.dxe5 Nxe5
9.Be2 Ng6 10.Re1 Re8 11.Bf1 Bf8 12.g3 h6 13.Bg2 Bg4 14.h3 Bd7 15.a5  1/2-1/2

[Event "EU-chT (Women)"]
[Site "Debrecen"]
[Date "1992.??.??"]
[Round "9"]
[White "Djeno, Mara"]
[Black "Lematschko, Tatjana"]
[Result "0-1"]
[WhiteElo "2165"]
[BlackElo "2305"]

1.e4 d6 2.d4 Nf6 3.Nc3 Nbd7 4.Be3 e5 5.d5 g6 6.f3 c6 7.Bc4 Nb6 8.Bb3 cxd5
9.exd5 Nbd7 10.Ba4 a6 11.Bxd7+ Nxd7 12.a4 b6 13.Qd2 h6 14.Nge2 f5 15.O-O Bb7
16.Nd1 Qc7 17.b3 Bg7 18.c4 g5 19.Rb1 O-O 20.Ndc3 Rae8 21.h4 f4 22.Bf2 Nf6
23.Ne4 Nxe4 24.fxe4 Rb8 25.Nc1 Bc8 26.Qe2 f3 27.Qe3 fxg2 28.Kxg2 Bg4 29.Bg3 Bh3+
30.Kxh3 Rxf1 31.hxg5 Qf7 32.Kg2 Rf8 33.gxh6 Qh5 34.Bh2 R8f2+  0-1

[Event "DEN-chB"]
[Site "?"]
[Date "1992.??.??"]
[Round "2"]
[White "Boe, Mads"]
[Black "Jaksland, Tim"]
[Result "1-0"]
[WhiteElo "2275"]
[BlackElo "2245"]

1.e4 d6 2.d4 Nf6 3.Nc3 c6 4.Be3 Nbd7 5.Qd2 Ng4 6.Bg5 h6 7.Bh4 g5 8.Bg3 Bg7
9.f3 Ngf6 10.O-O-O b5 11.h4 g4 12.h5 a5 13.Bd3 Nb6 14.Nge2 b4 15.Nb1 Bd7
16.c4 Be6 17.Qc2 Qc8 18.Nf4 O-O 19.Rh4 d5 20.Nxe6 fxe6 21.c5 dxe4 22.fxe4 Nbd7
23.Bc4 Qe8 24.Bxe6+ Kh8 25.e5 Nd5 26.Qe4 Rd8 27.Re1 b3 28.axb3 Nb4 29.Nc3 Nxc5
30.dxc5 Nd3+ 31.Kb1 Nxe1 32.Qxe1 Rd4 33.Rxg4 Qd8 34.Rxd4 Qxd4 35.Bc4 Qxc5
36.Qe4 Qg1+ 37.Ka2 a4 38.Nxa4 e6 39.Bd3 Rf5 40.Qxc6 Rf8  1-0

[Event "DEN-chT 9293"]
[Site "Denmark"]
[Date "1992.??.??"]
[Round "3"]
[White "Pedersen, Thomas Schou"]
[Black "Nielsen, Poul Erik"]
[Result "0-1"]
[WhiteElo "2205"]
[BlackElo "2235"]

1.e4 d6 2.d4 Nf6 3.Nc3 e5 4.dxe5 dxe5 5.Qxd8+ Kxd8 6.Nf3 Bd6 7.Bc4 Ke7 8.Bg5 c6
9.O-O-O Bc7 10.h3 Be6 11.Bxe6 Kxe6 12.Bh4 Nbd7 13.g4 Nc5 14.b4 Ncd7 15.Nd2 b5
16.Ne2 a5 17.f4 axb4 18.Nf3 Rhc8 19.Ng5+ Ke7 20.Nxh7 Rxa2 21.Ng3 Ke8 22.Nxf6+ gxf6
23.Nh5 Rd8 24.Kb1 Rda8 25.Ng7+ Kf8 26.Rxd7 Kxg7 27.Re1 Bb6 28.fxe5 fxe5 29.Bg3 Ra1+
30.Kb2 Rxe1 31.Bxe1 Bd4+ 32.c3 bxc3+ 33.Bxc3 Bxc3+ 34.Kxc3 Ra3+ 35.Kb4 Rxh3
36.Rc7 Re3 37.Rxc6 Rxe4+ 38.Kxb5 Rxg4 39.Kc5 Rd4 40.Ra6 f6  0-1

[Event "Doha op"]
[Site "Doha"]
[Date "1992.??.??"]
[Round "2"]
[White "Al Modiahki, Mohamad"]
[Black "Magomedov, Magaram"]
[Result "0-1"]
[WhiteElo "2295"]
[BlackElo "2445"]

1.e4 d6 2.d4 Nf6 3.Nc3 e5 4.dxe5 dxe5 5.Qxd8+ Kxd8 6.Bg5 Nd7 7.O-O-O Be7
8.Nf3 Ke8 9.Be2 c6 10.a3 Ng4 11.Bxe7 Kxe7 12.Rhf1 b5 13.Rd2 a5 14.Nh4 Nh6
15.Rfd1 f6 16.Nf5+ Nxf5 17.exf5 Ra7 18.Ne4 Nb6 19.g4 Rd7 20.Rd6 Rxd6 21.Rxd6 Bd7
22.Rd1 h5 23.gxh5 Bxf5 24.Nc5 Nd5 25.Bf3 a4 26.h4 Kd6 27.Nb7+ Kc7 28.Nc5 Kb6
29.Ne4 Bxe4 30.Bxe4 Rxh5 31.Bxd5 cxd5 32.Rxd5 Rxh4 33.Rd7 Rf4 34.Rd2 g5 35.Re2 e4
36.Kd2 f5 37.Ke3 Kc5 38.Rd2 Rf3+ 39.Ke2 g4 40.Rd8 g3 41.fxg3 Rxg3 42.Rc8+ Kd4
43.Rd8+ Ke5 44.Rb8 Rg2+ 45.Kd1 f4 46.Rxb5+ Kd4  0-1

[Event "Dortmund op-A"]
[Site "Dortmund"]
[Date "1992.??.??"]
[Round "2"]
[White "Namyslo, Holger"]
[Black "Degenhardt, Horst"]
[Result "0-1"]
[WhiteElo "2225"]
[BlackElo "2305"]

1.e4 d6 2.d4 Nf6 3.Nc3 e5 4.dxe5 dxe5 5.Qxd8+ Kxd8 6.Bc4 Be6 7.Bxe6 fxe6
8.Nf3 Bd6 9.h4 Ke7 10.h5 h6 11.Nh4 Kf7 12.Ng6 Rd8 13.Bd2 Nc6 14.O-O-O Nxh5
15.Nxe5+ Nxe5 16.Rxh5 Nc4 17.Nb5 Nxd2 18.Nxd6+ cxd6 19.Rxd2 Rac8 20.Rh3 Rc4
21.Rhd3 Rxe4 22.Rxd6 Re1+ 23.Rd1 Rxd6 24.Rxe1 Kf6 25.b3 h5 26.c4 g5 27.Kc2 Kf5
28.Kc3 h4 29.b4 g4 30.Rh1 Kg5 31.a4 e5 32.Re1 Kf4 33.Rh1 Rh6 34.Kd2 h3 35.gxh3 Kf3
36.Ke1 Kg2 37.Rf1 gxh3 38.f4 exf4 39.Rxf4 h2 40.Rf2+ Kg3 41.Rf1 h1=Q 42.Rxh1 Rxh1+
43.Kd2 Kf4  0-1

[Event "Dortmund op-A"]
[Site "Dortmund"]
[Date "1992.??.??"]
[Round "2"]
[White "Pachow, Joerg"]
[Black "Krasenkow, Michal"]
[Result "1-0"]
[WhiteElo "2240"]
[BlackElo "2495"]

1.e4 d6 2.d4 Nf6 3.Nc3 c6 4.Nf3 Bg4 5.Be2 e6 6.O-O d5 7.Ne5 Bxe2 8.Qxe2 Be7
9.exd5 Nxd5 10.Nxd5 Qxd5 11.Rd1 b5 12.b3 b4 13.a3 O-O 14.axb4 Bxb4 15.Bb2 Nd7
16.c3 Be7 17.c4 Qd6 18.Ba3 c5 19.Bxc5 Nxc5 20.dxc5 Qxc5 21.Nd7 Qc7 22.Nxf8 Bxf8
23.Rd3 a5 24.Rad1 Ra7 25.g3 g6 26.Rd8  1-0

[Event "Dortmund op-A"]
[Site "Dortmund"]
[Date "1992.??.??"]
[Round "4"]
[White "Babar, Michael"]
[Black "Degenhardt, Horst"]
[Result "0-1"]
[WhiteElo "2450"]
[BlackElo "2305"]

1.e4 d6 2.d4 Nf6 3.Nc3 e5 4.dxe5 dxe5 5.Qxd8+ Kxd8 6.Bg5 Be6 7.O-O-O+ Kc8
8.Nge2 Nfd7 9.Nd5 f6 10.Be3 c6 11.Ndc3 Bc5 12.Bxc5 Nxc5 13.Ng3 a5 14.Be2 g6
15.a3 Rd8 16.h3 h5 17.Nf1 Rxd1+ 18.Bxd1 b5 19.f3 Ra7 20.g4 Rh7 21.Rh2 Nbd7
22.Be2 Nb6 23.Nb1 Bd7 24.Nbd2 Ne6 25.Kd1 Na4 26.Kc1 Nac5 27.c3 Nf4 28.b4 Na4
29.Kc2 hxg4 30.fxg4 Nxe2 31.Rxe2 Rxh3 32.Ne3 axb4 33.axb4 Be6 34.Ndf1 Kd7
35.Rh2 Rxh2+ 36.Nxh2 Nb6 37.Nf3 Nc4 38.Nxc4 Bxc4 39.g5 Ke6 40.gxf6 Kxf6 41.Kd2 g5
42.Ke3 g4 43.Nh4 Be6 44.Kf2 Kg5 45.Kg3 Bc4 46.Nf5 Bd3 47.Nd6 Kf6 48.Kxg4 Ke6
49.Nf5 Bxe4 50.Ne3 Bd3 51.Kg5 Be2 52.Kg6 e4 53.Kg5 Ke5 54.Nc2 Bd1 55.Ne3 Bf3
56.Nc2 e3 57.Nxe3 Ke4 58.Nc2 Bh1 59.Na3 Kd3 60.c4 bxc4  0-1

[Event "Dortmund op-A"]
[Site "Dortmund"]
[Date "1992.??.??"]
[Round "7"]
[White "Theissen, Henning"]
[Black "Braun, Gottfried"]
[Result "0-1"]
[WhiteElo "2240"]
[BlackElo "2385"]

1.e4 d6 2.d4 Nf6 3.Nc3 e5 4.Nf3 Nbd7 5.Bc4 Be7 6.O-O O-O 7.Qe2 exd4 8.Nxd4 Ne5
9.Bb3 c5 10.Nf5 Bxf5 11.exf5 Qd7 12.Nd5 Rae8 13.Ne3 Bd8 14.Qd1 b5 15.c4 a6
16.cxb5 axb5 17.a4 c4 18.Bc2 d5 19.f4 Bb6 20.Kh1 Nc6 21.axb5 Nb4 22.Bd2 Nxc2
23.Nxc2 Re4 24.Ra3 Rfe8 25.Rg3 d4 26.Ne1 Qxb5 27.Nf3 R4e7 28.Ne5 Ne4 29.Rh3 c3
30.bxc3 dxc3 31.Bxc3 f6 32.Ng4 Nxc3 33.Rxc3 h5 34.Ne5 fxe5 35.Rb3 Qc6 36.Qxh5 exf4
37.Rh3 Qh6 38.Qg4 Re1 39.Qf3 Rxf1+ 40.Qxf1 Qc6 41.Qb1 Qc2  0-1

[Event "Dortmund op-A"]
[Site "Dortmund"]
[Date "1992.??.??"]
[Round "9"]
[White "Juergens, Vera"]
[Black "Braun, Gottfried"]
[Result "1-0"]
[WhiteElo "2275"]
[BlackElo "2385"]

1.d4 d6 2.e4 Nf6 3.Nc3 e5 4.dxe5 dxe5 5.Qxd8+ Kxd8 6.Bg5 Be7 7.O-O-O+ Nbd7
8.Bc4 Ke8 9.f3 c6 10.Be3 b5 11.Bb3 Nc5 12.Nge2 Nfd7 13.Ng3 g6 14.f4 a5 15.a4 b4
16.Nce2 Ba6 17.fxe5 Nxe5 18.Bd4 Bd6 19.Rhf1 Nxb3+ 20.cxb3 Ke7 21.Rd2 f6 22.Rfd1 Rhd8
23.Bb6 Rd7 24.Nf4 Nf7 25.Kc2 Ke8 26.e5 fxe5 27.Ne4 Rb7 28.Rxd6 Rxb6 29.Nf6+ Kf8
30.Nd7+ Kg8 31.Nxb6 Nxd6 32.Nxa8  1-0

[Event "Dortmund op-A"]
[Site "Dortmund"]
[Date "1992.??.??"]
[Round "10"]
[White "Thesing, Matthias"]
[Black "Degenhardt, Horst"]
[Result "1-0"]
[WhiteElo "2415"]
[BlackElo "2305"]

1.e4 d6 2.d4 Nf6 3.Nc3 e5 4.Nf3 Nbd7 5.Bc4 Be7 6.O-O O-O 7.a4 c6 8.Re1 h6
9.Ba2 a5 10.h3 Ne8 11.Be3 Nc7 12.Qd2 Ne6 13.Rad1 Qc7 14.d5 Nd8 15.Bxh6 gxh6
16.Qxh6 Re8 17.Re3 Bf8 18.Qg5+ Bg7 19.Nh4 Nf8 20.Rg3 Nde6 21.dxe6 Nxe6 22.Bxe6 fxe6
23.Rxd6 Re7 24.Ng6  1-0

[Event "Dortmund op-A"]
[Site "Dortmund"]
[Date "1992.??.??"]
[Round "10"]
[White "Micic, Jordanka"]
[Black "Vokac, Marek"]
[Result "1/2-1/2"]
[WhiteElo "2265"]
[BlackElo "2450"]

1.e4 d6 2.d4 Nf6 3.Nc3 c6 4.Nf3 Bg4 5.Be2 e6 6.O-O Be7 7.e5 Nd5 8.Ne4 dxe5
9.Nxe5 Bxe2 10.Qxe2 Nd7 11.Qg4 g6 12.Nxd7 Qxd7 13.Qe2 Nf6 14.c3 Nxe4 15.Qxe4 Qd5
16.Re1 Qxe4 17.Rxe4 O-O 18.Re2 Rfd8 19.Bf4 Rd7 20.Kf1 Rc8 21.Be5 h5 22.h3 Bg5
23.g4 hxg4 24.hxg4 Bh6 25.Kg2 Bg7 26.Bxg7 Kxg7 27.Re5 Rd5 28.Rae1 Kf6 29.g5+ Ke7
30.Rxd5 cxd5 31.Re3 b5 32.a3 a5 33.b4 Ra8 34.Rh3 axb4 35.axb4 Ra3 36.Rf3 Ra1
37.Kh2 Re1 38.Kg2 e5 39.dxe5 Rxe5 40.Rg3 Ke6 41.Kh3 Rf5 42.Kg2 Rf4 43.Re3+ Kd6
44.Rf3 Ke5 45.Re3+ Kd6 46.Rf3 Rg4+ 47.Kf1 Rxg5 48.Rxf7 d4 49.cxd4 Kd5 50.Rc7 Kxd4
51.Rc6 Kd3 52.Rc5 Rf5 53.Kg2 Ke4 54.Rc6 Rg5+ 55.Kf1 Kf4 56.Rb6 Ke4 57.Ke2 Kd4
58.Rc6 Re5+ 59.Kf3 Rf5+ 60.Kg3 Rg5+  1/2-1/2

[Event "Dresden (Women)"]
[Site "Dresden"]
[Date "1992.??.??"]
[Round "?"]
[White "Heinatz, Gundula"]
[Black "Eretova, Kveta"]
[Result "1-0"]
[WhiteElo "2220"]
[BlackElo "2105"]

1.d4 d6 2.e4 Nf6 3.Nc3 c6 4.a4 Nbd7 5.Nf3 e5 6.Bc4 Be7 7.O-O h6 8.h3 Qc7
9.Re1 Nf8 10.Be3 g5 11.b4 Ng6 12.d5 cxd5 13.Bb5+ Kf8 14.Nxd5 Nxd5 15.exd5 Kg7
16.a5 f5 17.Bc1 Bf6 18.Bb2 a6 19.Bf1 b6 20.c4 bxa5 21.Rxa5 Qb7 22.Bc3 Rd8
23.c5 g4 24.hxg4 fxg4 25.c6 Qf7 26.Nd2 Bf5 27.Ne4 h5 28.Bxa6 Nf4 29.Qd2 Ra7
30.Nxf6 Qxf6 31.Qxf4  1-0

[Event "Wch U18"]
[Site "Duisburg"]
[Date "1992.??.??"]
[Round "7"]
[White "Langier, Daniel"]
[Black "Jonker, Marc"]
[Result "1/2-1/2"]
[WhiteElo "2305"]
[BlackElo "2360"]

1.e4 d6 2.d4 Nf6 3.Nc3 c6 4.f4 Qa5 5.Bd2 e5 6.Nd5 Qd8 7.Nxf6+ Qxf6 8.dxe5 dxe5
9.Nf3 exf4 10.e5 Qg6 11.Bd3 Qxg2 12.Rg1 Qh3 13.Bxf4 Bg4 14.Rg3 Qh5 15.Qe2 Be7
16.Qg2 Bxf3 17.Rxf3 Bh4+ 18.Kf1 Nd7 19.Be2 g5 20.Bd2 Qg6 21.Bc3 Qe6 22.Rd3 Nxe5
23.Re3 f6 24.Bh5+ Kf8 25.Qe4 Kg7 26.Rd1 Rad8 27.Rxd8 Rxd8 28.Bxe5 Qxe5 29.Qxe5 fxe5
30.Rxe5 Kf6 31.Re3 Rd2 32.Re2 Rd1+ 33.Kg2 Ra1 34.a3 Rb1 35.b3 Re1 36.Rxe1 Bxe1
37.Kf3 Ke5 38.Ke3 Bc3 39.Bg4 Bd4+ 40.Kf3 Bg1 41.h3 Kd4 42.Bc8 b6 43.Bd7 c5
44.Bb5  1/2-1/2

[Event "Wch U16"]
[Site "Duisburg"]
[Date "1992.??.??"]
[Round "11"]
[White "Almasi, Zoltan"]
[Black "Parker, Jonathan"]
[Result "1-0"]
[WhiteElo "2470"]
[BlackElo "2370"]

1.e4 d6 2.d4 Nf6 3.Nc3 e5 4.Nf3 Nbd7 5.Bc4 Be7 6.O-O O-O 7.h3 c6 8.a4 Qc7
9.Be3 b6 10.d5 Bb7 11.dxc6 Bxc6 12.Qd3 Rac8 13.b3 h6 14.Nh4 Nc5 15.Bxc5 dxc5
16.Nf5 Kh7 17.Rad1 Rcd8 18.Qf3 g6 19.Ne3 Rd4 20.Bd5 a6 21.Bxc6 Qxc6 22.Ncd5 Nxd5
23.Nxd5 Bd8 24.Qe2 b5 25.axb5 Qxb5 26.Qf3 c4 27.Rb1 a5 28.bxc4 Qxc4 29.Rb8 Kg8
30.c3 Rd3 31.Qg4 Kg7 32.Rc8 Qa6 33.Qd7 Bg5 34.Rc6 Qa8 35.Qd6 Qb8 36.Rc7 Bf4
37.Qf6+ Kg8 38.Ne7+ Kh7 39.Rc8  1-0

[Event "NLD-ch sf"]
[Site "Enschede"]
[Date "1992.??.??"]
[Round "7"]
[White "Bertholee, Rob"]
[Black "Perez Garcia, Hebert"]
[Result "0-1"]
[WhiteElo "2350"]
[BlackElo "2245"]

1.d4 d6 2.e4 Nf6 3.Nc3 e5 4.Nf3 exd4 5.Qxd4 Be7 6.Bf4 O-O 7.O-O-O Nc6 8.Qd2 a6
9.h3 b5 10.Bd3 Nd7 11.Qe3 Nde5 12.Be2 Qe8 13.Nd5 Bd8 14.Nd2 Be6 15.Kb1 Ng6
16.Bg3 Bxd5 17.exd5 Qxe3 18.fxe3 Nce5 19.c4 bxc4 20.Nxc4 Nxc4 21.Bxc4 Bf6
22.Rc1 Rfb8 23.Rc2 Nf8 24.a4 Nd7 25.Ka2 Nc5 26.a5 Ra7 27.Be1 Rab7 28.b4 Rxb4
29.Bxb4 Rxb4 30.Rcc1 Ra4+ 31.Kb1 Rxa5 32.Kc2 Ra3 33.Rhe1 Kf8 34.Kd2 Bc3+
35.Rxc3 Ne4+ 36.Kd3 Nxc3 37.Kd4 Nb5+ 38.Bxb5 axb5 39.Rb1 Ra5 40.Kc3 b4+ 41.Kc4 Rc5+
42.Kd4 Rb5 43.Kc4 Rb7 44.Kb3 Ke7 45.Rf1 Rb6 46.Rc1 Kd7 47.Rf1 f6 48.Ra1 Rb5
49.e4 Rc5 50.Re1 f5 51.e5 Rxd5 52.exd6 c5 53.Re7+ Kxd6 54.Rxg7 Rd3+ 55.Kc2 c4
56.Rxh7 Rg3 57.Rh4 Rxg2+ 58.Kc1 Kc5 59.Rf4 Rg1+ 60.Kb2 Rg2+ 61.Kc1 b3 62.Rxf5+ Kb4
63.Rf8 Rg1+ 64.Kd2 c3+ 65.Kd3 Rg3+ 66.Kd4 c2  0-1

[Event "Espergaerde (Women)"]
[Site "Espergaerde"]
[Date "1992.??.??"]
[Round "?"]
[White "Veroci, Zsuzsa"]
[Black "Hoiberg, Nina"]
[Result "1/2-1/2"]
[WhiteElo "2310"]
[BlackElo "2235"]

1.e4 d6 2.d4 Nf6 3.Nc3 c6 4.f4 Qa5 5.Bd3 e5 6.Nf3 Bg4 7.Be3 Nbd7 8.O-O exf4
9.Bxf4 Qb6 10.Na4 Qa5 11.c4 Nb6 12.Nc3 Be7 13.h3 Bd7 14.e5 dxe5 15.dxe5 Nh5
16.Be3 Ng3 17.Re1 Nf5 18.Bf2 Rd8 19.Qc2 g6 20.Ne4 Be6 21.g4 Ng7 22.Nd6+ Bxd6
23.exd6 O-O 24.Re5 Qa6 25.c5 Bc4 26.Be4 Nd7 27.Re7 Nf6 28.Ne5 Nxe4 29.Qxe4 Bd5
30.Qd3 Qxd3 31.Nxd3 f5 32.Rxb7 fxg4 33.hxg4 Rf3 34.Ne5 Rh3 35.Kf1 Ne6 36.Ke2  1/2-1/2

[Event "Espoo op"]
[Site "Espoo"]
[Date "1992.??.??"]
[Round "?"]
[White "Hurme, Harri M"]
[Black "Kiik, Kalle"]
[Result "1/2-1/2"]
[WhiteElo "2270"]
[BlackElo "2395"]

1.d4 Nf6 2.Nc3 d6 3.e4 c6 4.Nf3 g6 5.h3 Bg7 6.Bf4 O-O 7.Be2 Nbd7 8.e5 Ne8
9.exd6 Nxd6 10.O-O Nf6 11.Re1 Be6 12.a4 a5 13.Bf1 Re8 14.Qd2 Nc4 15.Bxc4 Bxc4
16.b3 Be6 17.Rad1 Bf5 18.Ne5 Rc8 19.Nc4 Nd5 20.Be5 Nf6 21.Ne3 Qd7 22.Ne2 b6
23.Nxf5 Qxf5 24.Ng3 Qd7 25.c4 Qb7 26.h4 Qd7 27.h5 Ng4 28.Bxg7 Kxg7 29.Qf4 Nh6
30.Qe5+ f6 31.Qe6 Qxe6 32.Rxe6 Rc7 33.d5 Kf7 34.hxg6+ hxg6 35.Rxc6 Rxc6 36.dxc6 Rc8
37.Ne4 Rxc6 38.Rd7 Ng4 39.f3 Ne5 40.Rb7 Nd3 41.Rd7 Nc1 42.Nd2 Ke6 43.Rb7 Kd6
44.Ne4+ Ke5 45.Rxe7+ Kd4 46.Rd7+ Ke3 47.Nc3 Nd3 48.Nd5+ Ke2 49.Ne7 Nc5 50.Nxc6 Nxd7
51.b4 axb4 52.Nxb4 Ke3 53.Nc6 Kd3 54.a5 Kxc4 55.axb6  1/2-1/2